[Event "Rhein Main op-B 24th"]
[Site "Bad Homburg"]
[Date "2022.06.17"]
[Round "4"]
[White "Schaack, Frank"]
[Black "Akin, Deniz"]
[Result "0-1"]
[WhiteElo "1116"]
[BlackElo "1074"]
[PlyCount "56"]
[EventDate "2022.06.15"]
[EventType "swiss"]
[EventRounds "7"]
[EventCountry "GER"]
[SourceTitle "EXT 2023"]
[Source "ChessBase"]
[SourceDate "2022.10.05"]
[SourceVersion "1"]
[SourceVersionDate "2022.10.05"]
[SourceQuality "1"]

1. e4 e5 2. Nf3 Nf6 3. Bc4 d6 4. b3 Nxe4 5. d3 Nc5 6. Be3 d5 7. Bb5+ c6 8. Ba4 b5 9. d4 exd4 10. Bxd4 bxa4 11. b4 Ne6 12. Qe2 Bxb4+ 13. c3 Be7 14. Be3 0-0 15. 0-0 Ba6 16. Qc2 Bxf1 17. Kxf1 Qa5 18. h4 Bc5 19. Ng5 Nxg5 20. Bxg5 Re8 21. Nd2 Nd7 22. h5 Re6 23. Nf3 h6 24. Bf4 Qb5+ 25. Kg1 Re2 26. Qf5 Rxf2 27. Bxh6 Rxf3+ 28. Kh2 Rxf5 0-1

[Event "Rhein Main op-B 22nd"]
[Site "Bad Homburg"]
[Date "2019.06.23"]
[Round "7"]
[White "Richter, Johannes"]
[Black "Schaack, Frank"]
[Result "1-0"]
[WhiteElo "1344"]
[BlackElo "1154"]
[PlyCount "85"]
[EventDate "2019.06.19"]
[EventType "swiss"]
[EventRounds "7"]
[EventCountry "GER"]
[SourceTitle "EXT 2020"]
[Source "ChessBase"]
[SourceDate "2019.10.17"]
[SourceVersion "1"]
[SourceVersionDate "2019.10.17"]
[SourceQuality "1"]

1. Nf3 b6 2. g3 Bb7 3. Bg2 Nf6 4. 0-0 Nc6 5. c4 e6 6. d3 Bc5 7. d4 Bd6 8. Nc3 0-0 9. e4 e5 10. d5 Ne7 11. Nh4 h6 12. g4 g5 13. Nf5 Nxf5 14. gxf5 Nh7 15. Qh5 Qf6 16. Kh1 Ba6 17. b3 Bb4 18. Bd2 Rad8 19. Rg1 c6 20. Bf1 Kh8 21. Rg3 Rg8 22. Rh3 Bf8 23. Bd3 g4 24. Rg3 Rg5 25. Bxg5 Qxg5 26. Qxg5 hxg5 27. Rxg4 Bc5 28. f3 Bd4 29. Rc1 b5 30. Ne2 Be3 31. Rf1 f6 32. h4 Kg7 33. Kg2 Rh8 34. Rh1 Kf7 35. hxg5 fxg5 36. Rg3 Kf8 37. Rgh3 Kg7 38. f6+ Kg6 39. Rh6+ Kf7 40. Rxh7+ Rxh7 41. Rxh7+ Kxf6 42. Rxd7 cxd5 43. Rd6+ 1-0

[Event "Rhein Main op-B 21st"]
[Site "Bad Homburg"]
[Date "2018.05.30"]
[Round "1"]
[White "Schaack, Frank"]
[Black "Qayumi, Roman"]
[Result "0-1"]
[WhiteElo "877"]
[BlackElo "1706"]
[PlyCount "74"]
[EventDate "2018.05.30"]
[EventType "swiss"]
[EventRounds "7"]
[EventCountry "GER"]
[SourceTitle "EXT 2019"]
[Source "ChessBase"]
[SourceDate "2018.10.10"]
[SourceVersion "1"]
[SourceVersionDate "2018.10.10"]
[SourceQuality "1"]

1. e4 c5 2. Nf3 e6 3. Be2 d5 4. d4 dxe4 5. Nfd2 Nf6 6. Nb3 cxd4 7. Nxd4 Bc5 8. c3 0-0 9. b4 Bxd4 10. cxd4 Nc6 11. a3 Qxd4 12. Qxd4 Nxd4 13. Bd1 b6 14. 0-0 Ba6 15. Re1 Bd3 16. Ra2 Bxb1 17. Rb2 Bd3 18. Re3 Rac8 19. Bd2 Nd5 20. Re1 Nc2 21. Bxc2 Rxc2 22. Rxc2 Bxc2 23. g3 f6 24. Rc1 Bd3 25. Rc6 Kf7 26. Rd6 Ke7 27. Rxd5 exd5 28. b5 g5 29. Bb4+ Kf7 30. Bxf8 Kxf8 31. f3 e3 32. Kg2 d4 33. g4 Bxb5 34. a4 Ba6 35. h3 d3 36. Kf1 d2+ 37. Kg2 d1Q 0-1

[Event "Rhein Main op-B 20th"]
[Site "Bad Homburg"]
[Date "2017.06.18"]
[Round "7"]
[White "Schaack, Frank"]
[Black "Berg, Rainer"]
[Result "0-1"]
[WhiteElo "783"]
[BlackElo "1547"]
[PlyCount "87"]
[EventDate "2017.06.14"]
[EventType "swiss"]
[EventRounds "7"]
[EventCountry "GER"]
[SourceTitle "EXT 2018"]
[Source "ChessBase"]
[SourceDate "2017.10.13"]
[SourceVersion "1"]
[SourceVersionDate "2017.10.13"]
[SourceQuality "1"]

1. e4 Nc6 2. Nf3 d6 3. d4 e6 4. Bb5 Bd7 5. Bg5 Be7 6. Bxe7 Ngxe7 7. c4 a6 8. Ba4 Nb8 9. Bb3 0-0 10. e5 dxe5 11. Nxe5 Ng6 12. Qh5 Qh4 13. Qf3 c6 14. g3 Qxd4 15. Nd3 Ne5 16. Nxe5 Qxe5+ 17. Qe2 Qxe2+ 18. Kxe2 c5 19. Nc3 Bc6 20. Rhe1 b5 21. cxb5 axb5 22. Kf1 c4 23. Bc2 b4 24. Ne2 b3 25. axb3 Rxa1 26. Rxa1 cxb3 27. Bxb3 Bb5 28. Ke1 Nc6 29. Rd1 Ne5 30. Kf1 Nf3 31. h4 Rb8 32. Bc2 g6 33. Be4 Bxe2+ 34. Kxe2 Ne5 35. Bb7 Rxb7 36. Rd8+ Kg7 37. Rd2 Nc4 38. Rd1 Rxb2+ 39. Kf1 Nd2+ 40. Kg2 Ne4 41. Rf1 f5 42. Kg1 h5 43. Kg2 Kf6 44. Kf3 0-1